Top 10 Plum Producing Countries - Statistics

General Stats
  • This quiz has been taken 15 times
  • The average score is 7 of 10
Answer Stats
Boxes of Plums Answer % Correct
280 K United States
100%
6.8 M China
86%
190 K Italy
79%
215 K Russia
79%
350 K Turkey
71%
335 K Iran
64%
425 K Chile
57%
650 K Romania
57%
490 K Serbia
36%
305 K Bosnia & Herzegovina
29%
No matching quizzes found
Score Distribution
Percent of People with Each Score
Percentile by Number Answered
Your Score History
You have not taken this quiz